|
|
|
|
| LEADER |
00000nam0a2200000 4500 |
| 001 |
97788 |
| 005 |
20231031111112.0 |
| 035 |
|
|
|a (RuTPU)RU\TPU\book\104824
|
| 090 |
|
|
|a 97788
|
| 100 |
|
|
|a 20060605d1972 m y0rusy50 ca
|
| 101 |
0 |
|
|a rus
|
| 102 |
|
|
|a RU
|
| 105 |
|
|
|a a j 001zy
|
| 200 |
1 |
|
|a Примеры расчетов установок глубокого охлаждения
|e учебное пособие
|f под ред. С. С. Будневича
|
| 210 |
|
|
|a Ленинград
|c Машиностроение
|d 1972
|
| 215 |
|
|
|a 288 с.
|c ил.
|
| 320 |
|
|
|a Библиогр.: с. 283-286.
|
| 610 |
1 |
|
|a криогенная техника
|
| 610 |
1 |
|
|a расчеты
|
| 610 |
1 |
|
|a примеры
|
| 610 |
1 |
|
|a учебные пособия
|
| 675 |
|
|
|a 621.59(075.8)
|v 3
|
| 702 |
|
1 |
|a Будневич
|b С. С.
|g Семен Самойлович
|4 340
|
| 801 |
|
1 |
|a RU
|b 63413507
|c 20060605
|g PSBO
|
| 801 |
|
2 |
|a RU
|b 63413507
|c 20150227
|g PSBO
|
| 942 |
|
|
|c BK
|